Statistics for Countries of Europe in 1828 (with a Map)

Click here to take the quiz!

General Stats

  • This quiz has been taken 8,150 times
  • The average score is 36 of 66

Answers on the Map

Answers color-coded by a green-red scale on the quiz's map according to % correct below.
 

Answer Stats

Answer% Correct
France
99%
Russia
99%
Spain
99%
United Kingdom
99%
Denmark
98%
Norway
98%
Portugal
98%
Sweden
98%
Netherlands
97%
Ottoman Empire
97%
Austria
96%
Greece
95%
Switzerland
93%
Andorra
92%
Prussia
92%
Monaco
89%
Two Sicilies
88%
Bavaria
87%
Luxembourg
87%
San Marino
86%
Sardinia
85%
Liechtenstein
83%
Montenegro
81%
Papal States
79%
Saxony
69%
Tuscany
67%
Hamburg
66%
Baden
59%
Hanover
57%
Württemberg
54%
Holstein
53%
Hesse (Electorate)
52%
Hesse (Grand Duchy)
52%
Hesse-Homburg
52%
Bremen
51%
Frankfurt
47%
Mecklenburg-Schwerin
43%
Mecklenburg-Strelitz
43%
Parma
36%
Oldenburg
35%
Anhalt-Bernburg
33%
Anhalt-Dessau
33%
Anhalt-Köthen
33%
Modena
33%
Lübeck
32%
Lucca
31%
Saxe-Lauenburg
28%
Circassia
27%
Saxe-Altenburg
27%
Saxe-Coburg-Gotha
27%
Saxe-Meiningen
27%
Saxe-Weimar-Eisenach
27%
Cracow
25%
Nassau
25%
Brunswick
24%
Hohenzollern-Hechingen
22%
Hohenzollern-Sigmaringen
22%
Lippe
19%
Reuss-Gera
15%
Reuss-Greiz
15%
Massa
13%
Schwarzburg-Rudolstadt
12%
Schwarzburg-Sondershausen
12%
Waldeck
12%
Schaumburg-Lippe
10%
Caucasian Imamate
6%

Score Distribution

Percentile by Number Answered

Percent of People with Each Score

Your Score History

You have not taken this quiz